000 00483nam a2200181Ia 4500
005 20250530170442.0
008 008 250505s9999 xx 000 0 eng d
020 _a9788131251652
040 _beng
_cILCL
041 _aeng
_2eng
084 _aZ2,2673 Q7
100 _aAhuja , VK
_9811308
245 0 _aLaw Relating to Intellectual Property Rights
250 _a3
260 _aHaryana
_bLexis Nexis
_c2017
300 _alxxviii,796p.
942 _cTB
_2Colon Classification
999 _c1312067
_d1312067